000 00423nam a2200145Ia 4500
008 220217s9999||||xx |||||||||||||| ||und||
020 _a0-07-463501-8
082 _a005.13 APP
100 _aAppleby, Doris Vandekopple, Julius, J
_93364
245 0 _aProgramming languages: Paradigm and practice
250 _a2nd
260 _aTata mcgraw hill
_bNew Delhi
_c2000
300 _b195
650 _aPROGRAMMING LANGUAGE
999 _c171505
_d171505